Geography of Belgium - Statistics

General Stats
  • This quiz has been taken 1,211 times
  • The average score is 14 of 20
Answer Stats
Question Answer % Correct
What is the capital city of Belgium? Brussels
100%
What sea does Belgium border? North Sea
95%
What is the name of the Dutch-speaking region of Belgium? Flanders
92%
What municipality was site of the last defeat of Napoleon in 1815? Waterloo
90%
What city is well known for its diamond industry and trade? Antwerp
89%
What is the least-spoken official language of Belgium? German
89%
What city is famous for its canals and was a major commercial center in the Middle Ages? Bruges
83%
What region of Belgium speaks predominantly French? Wallonia
80%
What specific dialect of Dutch is spoken in that region? Flemish
79%
For what food is Belgium most known for worldwide? Waffle
78%
What is the largest Belgian province in terms of area? (Hint: Shares its name with an European country? Luxembourg
71%
What is the French pronunciation of the above? Bruxelles
69%
What major city is situated on the confluence of the Rivers Scheldt and Leie? Ghent
65%
What is the most populous city of that region? Liège
63%
Through what forest in southern Belgium did Germany invade France during World War II? Ardennes
57%
What is the most populous city in the province of Hainaut? (Hint: Starts with the letter C) Charleroi
57%
Near what Belgian city were five WWI battles fought? Ypres
52%
What is the most populous coastal city of Belgium in terms of city proper? Ostend
50%
What is the name of the central square of the capital? Grand Place
35%
Name one of the two French regions that borders Belgium. Hauts-de-France / Grand Est
26%
No matching quizzes found
Score Distribution
Percent of People with Each Score
Percentile by Number Answered
Your Score History
You have not taken this quiz